000 00540cam a22001577a 4500
008 180718b2001 xxu||||| |||| 00| 0 eng d
082 _aA81x54 01/25/PAP2/01
100 _aCensus of India 2001
245 _aGujarat: provisional population totals
260 _aDelhi
_bOffice of the Controller of Publications
_c2001
300 _a208+p.
440 _aCensus of India 2001. Series-25, Gujarat. Paper-2 of 2001
500 _aContents: Rural-urban distribution
650 _aRural population - India - Gujarat
650 _aGujarat - Census
999 _c491529
_d491529